000 00450nam a22001817a 4500
003 NUST - PNEC
005 20170116181046.0
008 150924b xxu||||| |||| 00| 0 eng d
020 _a0471842362
040 _cLIBRARY
082 _a671 AMS
100 _911725
_aAmstead, B. H.
245 _aManufacturing processes
_cB. H. Amstead,
250 _a8th ed
260 _cc1942.
650 _911726
_aManufacturing processes
_xME
942 _2ddc
_cBK
999 _c68245
_d68245